Southville International School and Colleges
Your cart is empty.
  • Cart
  • Lists
    Public lists Eva Luna New books Lux_list list_1
    Your lists Log in to create your own lists
  • Log in to your account
  • Your cookies
  • Search history
Southville International School and Colleges
  • Advanced search
  • Recent comments
  • Most popular
  • Libraries

Log in to your account

Log in with GOOGLE


If you do not have an external account, but do have a local account, you can still log in:

  1. Home
  2. MARC view: Blue way :
Normal view MARC view ISBD view

Blue way : (Record no. 293254)

[ view plain ]
MARC details
000 -LEADER
fixed length control field 00850nam a2200253Ia 4500
008 - FIXED-LENGTH DATA ELEMENTS--GENERAL INFORMATION
fixed length control field 160404s9999 xx 000 0 und d
020 ## - INTERNATIONAL STANDARD BOOK NUMBER
International Standard Book Number 978-971-27-1933-2
050 ## - LIBRARY OF CONGRESS CALL NUMBER
Classification number FIL HD 57.7
050 ## - LIBRARY OF CONGRESS CALL NUMBER
Item number .B58 2007
245 ## - TITLE STATEMENT
Title Blue way :
245 ## - TITLE STATEMENT
Remainder of title case studies on leadership, strategy, and ethics /
245 ## - TITLE STATEMENT
Statement of responsibility, etc edited by Joseph, I.B. Gonzales & Jonathan Chua.
260 ## - PUBLICATION, DISTRIBUTION, ETC. (IMPRINT)
Place of publication, distribution, etc Pasig City:
260 ## - PUBLICATION, DISTRIBUTION, ETC. (IMPRINT)
Name of publisher, distributor, etc Anvil Pub. Inc.,
260 ## - PUBLICATION, DISTRIBUTION, ETC. (IMPRINT)
Date of publication, distribution, etc 2007
300 ## - PHYSICAL DESCRIPTION
Extent 358 pages :
300 ## - PHYSICAL DESCRIPTION
Other physical details illustrations ;
300 ## - PHYSICAL DESCRIPTION
Dimensions 23 cm.
500 ## - GENERAL NOTE
General note Includes index.
650 ## - SUBJECT ADDED ENTRY--TOPICAL TERM
Topical term or geographic name as entry element Leadership -- Moral and ethical aspects -- Philippines -- Case studies.
650 ## - SUBJECT ADDED ENTRY--TOPICAL TERM
Topical term or geographic name as entry element Management -- Philippines -- Case studies.
650 ## - SUBJECT ADDED ENTRY--TOPICAL TERM
General subdivision Business ethics -- Philippines -- Case studies.
650 ## - SUBJECT ADDED ENTRY--TOPICAL TERM
General subdivision Social responsibility of business -- Philippines -- Case studies.
Holdings
Withdrawn status Lost status Damaged status Home library Current library Shelving location Date acquired Cost, normal purchase price Total Checkouts Full call number Barcode Date last seen Price effective from Koha item type
      South Mansfield College South Mansfield College Filipiniana Section 02/14/2011 375.00   FIL HD 57.7 .B58 2007 SMC05472 04/04/2016 04/04/2016  

Blue way :

APA

Blue way. Pasig City: .

Chicago

Blue way. Pasig City: .

Harvard

Blue way. Pasig City: .

MLA

Pasig City: . .

  • Place hold
  • Print
  • Cite
  • Add to your cart (remove)
  • Save record
    BIBTEX Dublin Core MARCXML MARC (non-Unicode/MARC-8) MARC (Unicode/UTF-8) MARC (Unicode/UTF-8, Standard) MODS (XML) RIS
  • More searches
    Search for this title in:
    Other Libraries (WorldCat) Other Databases (Google Scholar) Online Stores (Bookfinder.com) Open Library (openlibrary.org)

Exporting to Dublin Core...

SOUTHVILLE LIBRARY

Southville International School and Colleges Library

1281 Tropical Ave. Cor. Luxembourg St., BF Homes International, Las Pinas City

Tel. No. 8256374 / 252358 Loc. 117/146

Powered by Koha